| 000 | 00757nam a2200217 4500 | ||
|---|---|---|---|
| 003 | OSt | ||
| 005 | 20240704080256.0 | ||
| 006 | a | ||
| 008 | 240704b |||||||| |||| 00| 0 eng d | ||
| 020 | _a9781418074012 | ||
| 040 |
_aDWCL-Main lib. _cOC |
||
| 082 |
_2Sixth edition _aCirc. 371.9046 Al427e 2009 |
||
| 100 | _aAllen, K. Aileen | ||
| 245 | _aThe exceptional child : inclusion in early childhood education / | ||
| 260 |
_aUSA : _bThomson Delmar Learning, _cc2009. |
||
| 300 |
_axx, _b732 p. : ill. ; _c23 cm. |
||
| 504 | _aIncludes bibliographical references and index. | ||
| 650 | _a1. Children with disabilities-Education (Preschool)-United States. | ||
| 650 | _a2. Early childhood education-United States. | ||
| 942 |
_2ddc _n0 _cBK-CIRC _kCirc. |
||
| 999 |
_c1970 _d1970 |
||